Normal view
MARC view
- LINDA,COOPER D.KEITH
Entry Personal Name
001 - CONTROL NUMBER
- control field: 89363
003 - CONTROL NUMBER IDENTIFIER
- control field: NUST
005 - DATE AND TIME OF LATEST TRANSACTION
- control field: 20220222154703.0
008 - FIXED-LENGTH DATA ELEMENTS
- fixed length control field: 220222|| aca||aabn | a|a d
040 ## - CATALOGING SOURCE
- Original cataloging agency: NUST
- Transcribing agency: NUST
100 ## - HEADING--PERSONAL NAME
- Personal name: LINDA,COOPER D.KEITH
670 ## - SOURCE DATA FOUND
- Source citation: Work cat.: (NUST): LINDA,COOPER D.KEITH., ENGINEERING COMPILER /, 2012.
